000 00853nam a2200265Ib 4500
003 3228
005 20260416152554.0
008 220630s9999 xx a j 000 1 AFR d
020 _a9780624048428 (paperback)
040 _aMPL
_c3228
_beng
_erda
041 _aAfrikaans
082 _aATF WASS
100 _aWasserman, Elizabeth
_94314
_eauthor
245 0 _aSpeurhond Willem op reis /
_cElizabeth Wasserman ; illustrasies deur Chris Venter
250 _aEerste uitgawe
260 _aKaapstad :
_bTafelberg ,
_c©2010,
_c2010.
300 _a127 Pages :
_bIllustrations ;
_c21 cm
490 _aSpeurhond Willem
655 0 _9188476
_aYouth Fiction
655 0 _9188487
_aAnimal Stories
655 0 _9188659
_aAdventure Stories
655 0 _9172264
_aDetective and mystery fiction
700 _9179115
_aVenter, Chris
_eillustrator
942 _cBK
_2ddc
_y296
_zPhillipina Naude
999 _c385048
_d385047